000 00797cam a22002651 4500
001 31849
005 20230410101712.0
008 730711s1948 nyuab 000 0 eng
035 _9(DLC) 48010620
035 _a9289269
010 _a48010620
035 _a(OCoLC)654296
040 _aDLC
_cVtU
_dOCoLC
_dDLC
042 _apremarc
050 1 4 _a110 ND 306
_bR693r 1948
082 _a759.97294
100 1 _aRodman, Selden,
_d1909-2002
245 1 0 _aRenaissance in Haiti;
_bpopular painters in the Black Republic /
_cby Selden Rodman.
260 _aNew York,
_bPellegrini & Cudahy
_c[1948]
300 _a134 p.
_billus. (part col.) map (on lining-papers)
_c26 cm.
650 0 _aPainting
_zHaiti.
650 0 _aPainters
_zHaiti.
942 _2lcc
_cbk
985 _eOCLC REPLACEMENT cdsdistr
999 _c12358
_d12358